Modelling Corporation Tax Revenue : (Record no. 613118)

MARC details
000 -LEADER
fixed length control field 00487nam a2200181 a 4500
008 - FIXED-LENGTH DATA ELEMENTS--GENERAL INFORMATION
fixed length control field 260220s2010##################000#0#eng##
020 ## - INTERNATIONAL STANDARD BOOK NUMBER
ISBN 9781848447653
082 04 - DEWEY DECIMAL CLASSIFICATION NUMBER
Classification number 336.243
Item number NOR
100 1# - MAIN ENTRY--AUTHOR NAME
Personal name Creedy, John,
245 10 - TITLE STATEMENT
Title Modelling Corporation Tax Revenue :
260 ## - PUBLICATION, DISTRIBUTION, ETC. (IMPRINT)
Name of publisher Edward Elgar Publishing,
Year of publication 2010.
650 #0 - SUBJECT ADDED ENTRY--TOPICAL TERM
Topical Term Corporations.
942 ## - ADDED ENTRY ELEMENTS (KOHA)
Koha item type English Books
Holdings
Withdrawn status Lost status Damaged status Not for loan Home library Current library Shelving location Date acquired Full call number Accession Number Price effective from Koha item type
        Anna Centenary Library Anna Centenary Library 4TH FLOOR, A WING 20.02.2026 336.243 NOR 614595 20.02.2026 English Books

Find us on the map